Movies Quiz

Random Movies or Famous Quiz

Famous MGM Motion Pictures of the 30s, 40s, 50s Quiz Stats

 Plays Quiz not verified by Sporcle

Score 0/10 Timer 20:00
0 Plays Today
% Correct
Singing In The Rain
97.6%
Wizard Of Oz
93.7%
Seven Brides For Seven Brothers
79.5%
Ben-Hur
78%
Gone With The Wind
71.7%
An American In Paris
63.8%
Show Boat
60.6%
Gigi
51.2%
Meet Me In St. Louis
50.4%
Anchors Away
26%

You're not logged in!

Compare scores with friends on all Sporcle quizzes.
OR
Log In

You Might Also Like...

Show Comments

Extras

Created Mar 24, 2016ReportNominate
Tags:Famous Quiz, mgm, motion

Top Quizzes Today


Score Distribution

Your Account Isn't Verified!

In order to create a playlist on Sporcle, you need to verify the email address you used during registration. Go to your Sporcle Settings to finish the process.

Report this User

Report this user for behavior that violates our Community Guidelines.

Details: